Statistics for Rhymes With Beak

Click here to take the quiz!

General Stats

  • This quiz has been taken 242 times
  • The average score is 23 of 30

Answer Stats

HintAnswer% Correct
LLeak
97%
SSeek
96%
MMeek
95%
RReek
95%
PPeak
94%
WWeak
94%
WWeek
94%
LLeek
93%
BBleak
91%
SSleek
91%
TTeak
91%
FFreak
90%
GGeek
90%
PPeek
90%
GGreek
89%
CCreek
84%
SSpeak
84%
CCheek
83%
SSneak
82%
CCreak
77%
SStreak
69%
WWreak
59%
EEke
50%
TTweak
49%
CChic
48%
SSqueak
47%
SSheik
45%
SShriek
45%
PPique
34%
SSikh
21%

Score Distribution

Percentile by Number Answered

Percent of People with Each Score

Your Score History

You have not taken this quiz